Statystyki dla Piłkarze i ich reprezentacje

Kliknij tutaj aby rozwiązać quiz!

Ogólne statystyki

  • Ten quiz został rozwiązany 8 094 razy
  • Średni wynik to 14 z 28

Statystyki odpowiedzi

PiłkarzeReprezentacje% Poprawnych
Robert LewandowskiPolska
100%
Lionel MessiArgentyna
99%
Kylian MbappeFrancja
99%
Jordi AlbaHiszpania
86%
David AlabaAustria
77%
Andrii YarmolenkoUkraina
65%
Ciro ImmobileWłochy
62%
Christian PulisicStany Zjednoczone
59%
Heung-min SonKorea Południowa
57%
Wu LeiChiny
52%
Granit XhakaSzwajcaria
52%
Kalidou KoulibalySenegal
48%
Martin OdegaardNorwegia
44%
Radamel FalcaoKolumbia
42%
Henrich MychitarianArmenia
40%
Willi OrbanWęgry
40%
Antonio ValenciaEkwador
38%
Javier HernandezMeksyk
36%
Victor MosesNigeria
36%
Yasser Al-ShahraniArabia Saudyjska
35%
Dejan LovrenChorwacja
35%
Thomas ParteyGhana
35%
Fernando MusleraUrugwaj
29%
Munas DabbburIzrael
25%
Goran PandewMacedonia
23%
Vlad ChirichesRumunia
14%
Brandon O'NeillAustralia
12%
Naby KeitaGwinea
11%

Rozkład punktacji

Percentyl według liczby udzielonych odpowiedzi

Procent ludzi z każdym wynikiem

Twoja historia wyników

Nie rozwiązałeś tego quizu